| 000 | 00409cam a2200145ua 4500 | ||
|---|---|---|---|
| 041 |
_aeng _h |
||
| 082 |
_a591.5 _bDAR/ZO |
||
| 100 | _aDarlington, Philip J . | ||
| 245 |
_aZoogeography: The geographical distribution of animals / _cPhilip J Darlington. _hTextual Documents |
||
| 260 |
_aLondon : _bHarward University Press , _c1963. |
||
| 300 | _a675 ; . | ||
| 504 | _a | ||
| 942 | _cBK | ||
| 999 |
_c9272 _d9272 |
||